ভলতেয়ার-ফ্লবেয়ার-তলস্তয় : (Record no. 62891)
[ view plain ]
| 000 -LEADER | |
|---|---|
| fixed length control field | 00891nam a2200229 a 4500 |
| 001 - CONTROL NUMBER | |
| control field | 62891 |
| 003 - CONTROL NUMBER IDENTIFIER | |
| rucl marc code | BD-RjUL |
| 005 - DATE AND TIME OF LATEST TRANSACTION | |
| control field | 20211209081134.0 |
| 008 - FIXED-LENGTH DATA ELEMENTS--GENERAL INFORMATION | |
| fixed length control field | 170126s1988 bg ||||| |||| 00| f ben d |
| 020 ## - INTERNATIONAL STANDARD BOOK NUMBER | |
| Terms of availability | : Tk. 25.00 |
| 035 ## - SYSTEM CONTROL NUMBER | |
| System control number | (BD-RjUL)63019 |
| 040 ## - CATALOGING SOURCE | |
| Original cataloging agency | BD-RjUL |
| Language of cataloging | ben |
| Transcribing agency | BD-RjUL |
| 041 ## - LANGUAGE CODE | |
| Language code of text/sound track or separate title | ben |
| 082 ## - DEWEY DECIMAL CLASSIFICATION NUMBER | |
| Edition number | 23 |
| Classification number | 843 |
| Author mark and year | HOV 1988 |
| 100 ## - MAIN ENTRY--PERSONAL NAME | |
| Personal name | হোসেন, হোসেনউদ্দীন |
| 9 (RLIN) | 173234 |
| 245 10 - TITLE STATEMENT | |
| Title | ভলতেয়ার-ফ্লবেয়ার-তলস্তয় : |
| Remainder of title | ত্রয়ী উপন্যাস ও যুগমানস / |
| Statement of responsibility, etc. | হোসেনউদ্দীন হোসেন |
| 260 ## - PUBLICATION, DISTRIBUTION, ETC. (IMPRINT) | |
| Place of publication, distribution, etc. | ঢাকা : |
| Name of publisher, distributor, etc. | বাংলা একাডেমী, |
| Date of publication, distribution, etc. | ১৯৮৮ |
| 300 ## - PHYSICAL DESCRIPTION | |
| Pagination | [৮], ৭১ পৃ. ; |
| Size | ২৩ সেমি. |
| 650 ## - SUBJECT ADDED ENTRY--TOPICAL TERM | |
| Topical term or geographic name as entry element | ফরাসি উপন্যাস |
| 9 (RLIN) | 170454 |
| Topical term or geographic name as entry element | French Fiction |
| 9 (RLIN) | 187010 |
| 942 ## - ADDED ENTRY ELEMENTS (KOHA) | |
| Source of classification or shelving scheme | Dewey Decimal Classification |
| Koha item type | Books |
| Lost status | Source of classification or shelving scheme | Damaged status | Not for loan | Collection code | Permanent Location | Current Location | Shelving location | Date acquired | Source of acquisition | Cost, normal purchase price | Total Checkouts | Full call number | Date last seen | Copy number | Koha item type |
|---|---|---|---|---|---|---|---|---|---|---|---|---|---|---|---|
| Dewey Decimal Classification | Not For Loan | Fiction | Central Library, University of Rajshahi | Central Library, University of Rajshahi | Reading Room | 25/06/1990 | Bangla Academy, Dhaka | 25.00 | B 843 HOV 1988 | 26/01/2017 | C-1 | Books |